Vyčislitel'naja technika v inženernych i ekonomičeskich rasčetach
Guardado en:
| Autor principal: | |
|---|---|
| Otros Autores: | |
| Formato: | Libro |
| Lenguaje: | ruso |
| Publicado: |
Moskva
Kolos
1980
|
| Edición: | 2. pererab. i dopoln. izd. |
| Etiquetas: |
Sin Etiquetas, Sea el primero en etiquetar este registro!
|
MARC
| LEADER | 00000nam a2200000 4500 | ||
|---|---|---|---|
| 001 | c130813 | ||
| 005 | 20250827103139.4 | ||
| 041 | 0 | |a rus | |
| 044 | |a RU | ||
| 245 | 1 | 0 | |a Vyčislitel'naja technika v inženernych i ekonomičeskich rasčetach |c Ivan Ivanovič Martynenko, Vladimir Iosifovič Sarkisjan |
| 250 | |a 2. pererab. i dopoln. izd. | ||
| 264 | 1 | |a Moskva |b Kolos |c 1980 | |
| 300 | |a 286 s. | ||
| 100 | 1 | |a Martynenko, Ivan Ivanovič | |
| 700 | 1 | |a Sarkisjan, Vladimir Iosifovič | |